Manual de grafoscopa̕

Detalles Bibliográficos
Autor principal: Ferreira Gomide, Tito Lv̕io
Formato: eBook
Lenguaje:portugués
Publicado: San Pablo: LEUD - Livraria e Editora Universitr̀ia de Direito, 2016
Materias:
Acceso en línea:Acceso restringido

MARC

LEADER 00000nam a22000007a 4500
005 20170213231117.0
007 cr|||| ||||
008 170213s2016 br |||||s|||| 00||0 por d
020 |a 978-85-7456-327-5 
035 |a 14720 
040 |a vLex 
090 |c 6531  |d 6531 
100 1 |a Ferreira Gomide, Tito Lv̕io 
245 1 0 |a Manual de grafoscopa̕  |h [Recurso electrn̤ico] /  |c Tito Lv̕io Ferreira Gomide 
256 |6 Servicio en ln̕ea 
260 |a San Pablo:  |b LEUD - Livraria e Editora Universitr̀ia de Direito,  |c 2016 
300 |a 1 recurso electrn̤ico 
506 1 |a Disponible solo en los productos indicados  |d vLex Global  |d vLex Global (Academic Edition, excluding Law Schools)  |d vLex Global (U.S. Academic Edition, Law Schools)  |d vLex Global (U.S. Academic Edition, excluding Law Schools)  |d vLex Global (Academic Edition, Law Schools) 
650 0 4 |a Derecho Procesal  |z Brasil 
740 0 |a vLex Libros (Servicio en ln̕ea) 
856 4 0 |u http://vlex.com/source/manual-grafoscopia-14720  |z Acceso restringido 
942 |c BOOK 
999 0 |a Procedural law